000 00497cam a22001457a 4500
008 180718b2001 xxu||||| |||| 00| 0 eng d
082 _aB253 V691
100 _aPratap, Vijay
245 _aVasudhaiv Kutumbakam: a new alliance for democracy in the era of globalisation
_cby Vijay Pratap
260 _aDelhi
_bCentre for the Study of Developing Societies
_c2001
300 _a29p.
650 _aGlobalization.
650 _aDemocracy
700 _aCentre for the Study of Developing Societies, Delhi
999 _c492480
_d492480